000 02296cam a2200133 4500500
005 20251214002043.0
041 _afre
042 _adc
100 1 0 _aRadvanyi, Jean
_eauthor
245 0 0 _aLes Etats postsoviétiques : Identités en construction, transformations politiques, trajectoires économiques
260 _bArmand Colin,
_c2011.
520 _aVingt ans après l'éclatement de l'URSS, l'espace postsoviétique semble loin d'être stabilisé. Si les quinze États (y compris les États baltes) nés en 1991 ont peu à peu trouvé leur place dans la communauté internationale, le processus de transition demeure fragile et contrasté. Après deux décennies d'indépendance, rien n'indique que cette période de transformations soit achevée. Guerre entre la Géorgie et la Russie en août 2008, crises politiques en Moldavie, en Ukraine et en Kirghizie, sont autant d'événements récents révélateurs des difficultés de reconnaissance et d'affirmation des souverainetés, face à une Russie dont l'influence est contrebalancée par l'effet d'attraction de l'Europe et des États-Unis. Les trois États baltes ont conforté leur stabilité en adhérant à l’Union européenne et à l’OTAN. L’Ukraine et la Géorgie souhaiteraient les suivre en dépit des réticences de Moscou et des Européens eux-mêmes. Mais, pour tous ces États, la question des rapports à la Russie demeure un enjeu majeur, ce qui justifi e pleinement qu’on les réunisse dans un même espace, malgré les transformations réalisées et les divergences de stratégies choisies. Cet ouvrage propose une analyse de ces évolutions dans quatre domaines clés que sont les fondements historiques et territoriaux de l’identité, les systèmes politiques, les réformes économiques et les choix en matière de relations internationales et de sécurité. Les auteurs ont tout d’abord évalué la façon dont chacun de ces quinze pays a perçu et assumé le statut d’État-nation. Ils se sont ensuite eff orcés de décrire comment les évolutions du système politique, de l’économie et le positionnement géopolitique ont participé du processus d’affi rmation nationale.
856 4 1 _uhttps://shs.cairn.info/les-etats-postsovietiques--9782200271633?lang=fr&redirect-ssocas=7080
999 _c1566725
_d1566725